Регионална библиотека "Любен Каравелов" - Русе

Джони грабна пушката (Запис номер 188192)

MARC детайли
000 -Лидер
Контролно поле с фиксирана дължина 01421nam a2200337 c 4500
003 - Код на организацията, давaща контролен номер
Контролно поле BLK
005 - Дата и час на последна редакция
Контролно поле 20250723141548.0
008 - Елементи от данни с фиксирана дължина
fixed length control field 180411b bul|||||r ||||||| ||bul||
010 ## - Наследен системен номер
LC control number KNG00197210000
040 ## - Източник на каталожния запис
Идентификатор на билиотеката - собственик на записа BLK
041 ## - Код за език
Код за езика на текст/звукозапис или на отделно заглавие Български
Код за езика КДБФ Български
080 ## - УДК
Текстов определител УДК Американска литература (на САЩ)
УДК код - определител по УДК 821.111(73)
УДК определител -31
УДК - код + определител 821.111(73)-31
100 1# - Редна дума - Автор
Автор Тръмбо, Долтън
Авторска отговорност първи автор
R(LIN) 131629
139 ## - Редно поле
Редна дума Тръмбо, Долтън
Авторски знак Тру - Т 87
245 10 - Сведения за заглавието
Заглавие Джони грабна пушката
Подзаглавни данни Роман
Редно поле (дума) Долтън Тръмбо; прев. от англ. Светлана Иванова Каролева; с послесл. от Владимир Трендафилов.
257 ## - Страна на издаване
Страна на създаване/издаване Съединени американски щати
260 ## - Област на издателските данни
Място на издаване, разпространение и проч. София
Име на издателя, разпространителя и проч. Нар. култура
Година на издаване 1983
Печатница Хасково : Ат. Стратиев
300 ## - Физическа характеристика
Страници 264 с.
Размери/Мащаб 17 см
380 ## - Жанр
Жанр Худож. лит.
500 ## - Общи забележки
Забележка Ориг. загл. Johnny got his gun / Dalton Trumbo. - 25 125 тир.
653 ## - Ключова дума – ненормативна
Ключова дума романи
700 1# - Други автори (авторска отговорност)
Лично име Каролева, Светлана Иванова
Автороска отговорност (Описва отношението между автора и произведението) прев. от англ.
9 (RLIN) 365613
700 1# - Други автори (авторска отговорност)
Лично име Трендафилов, Владимир
Автороска отговорност (Описва отношението между автора и произведението) с послесл. от
9 (RLIN) 366569
852 ## - Местоположение
Форматна сигнатура Цб І 20480
856 4# - Електронен адрес и достъп
Електронен формат pdf - файл
856 4# - Електронен адрес и достъп
Електронен формат pdf - файл
999 ## - СИСТЕМНИ КОНТРОЛНИ НОМЕРА
Koha biblionumber 188192
Koha biblioitemnumber 188192
942 ## - АРТИКУЛИ
Вид на библиотечния материал Книги
Скрит в OPAC Не
Koha issues (borrowed), all copies 4
Периодичен библиозапис Да
944 ## - СЪЗДАВАНЕ И РЕДАКЦИЯ на ЗАПИСА
Създаване/Редакция Създаване
Дата на регистрацията/редакция 01.12.2016
Служител, извършил регистрацията/редакцията 30575
Статус, дата на статуса Мартин Енчев
944 ## - СЪЗДАВАНЕ И РЕДАКЦИЯ на ЗАПИСА
Създаване/Редакция Редакция
Дата на регистрацията/редакция 01.12.2016
Служител, извършил регистрацията/редакцията Виолета_Тройчева
999 ## - СИСТЕМНИ КОНТРОЛНИ НОМЕРА
Koha biblioitemnumber 188192
Наличности
Код за отписване Код за изгубен артикул Източник на класификационната схема Код за повреда Коз за рестрикции Код за отдаване Артикулен № Име на библиотеката - собственик Име на библиотеката, в която се намира в момента Статус (Текущо местоположение) Дата на вписване в системата Местоположение - отдел Цена в лева Инвентарен номер Систематично азбучна сигнатура Баркод Номер на екземпляра Цена в евро Служебна бележка Служебен тип на артикула Бележка за публиката
  Не е изгубен Universal Decimal Classification Не е повреден без рестрикции ползва се в читалня 329532 Регионална библиотека "Любен Каравелов" Русе Регионална библиотека "Любен Каравелов" Русе Хранилище 1983-01-01 Хранилище 1.10 379440 Цб І 20480 120000379440 1 0.56 N: стар фонд Дата: 01.01.1983 Книги  
Изтеглен Не е изгубен Universal Decimal Classification Не е повреден без рестрикции заемане за дома 329533 Регионална библиотека "Любен Каравелов" Русе Регионална библиотека "Любен Каравелов" Русе Заемна - подръчен фонд 1983-01-01 Заемна - подръчен фонд 1.10 380283 П 820(73)-31/Т 87 380283 2 0.56 N: стар фонд Дата: 01.01.1983 Книги  
  Не е изгубен Universal Decimal Classification Не е повреден без рестрикции заемане за дома 329534 Регионална библиотека "Любен Каравелов" Русе Регионална библиотека "Любен Каравелов" Русе Заемна - подръчен фонд 1983-01-01 Заемна - подръчен фонд 1.10 380285 П 820(73)-31/Т 87 120000380285 3 0.56 N: стар фонд Дата: 01.01.1983 Дата инв: 13.02.2018 Бележки инв: П2018 Книги  
Изтеглен Не е изгубен Universal Decimal Classification Не е повреден без рестрикции заемане за дома 329535 Регионална библиотека "Любен Каравелов" Русе Регионална библиотека "Любен Каравелов" Русе Заемна - подръчен фонд 1983-01-01 Заемна - подръчен фонд 1.10 380287 П 820(73)-31/Т 87 380287 4 0.56 N: стар фонд Дата: 01.01.1983 Дата инв: 21.03.2018 Бележки инв: П2018 Книги  
Изтеглен Не е изгубен Universal Decimal Classification Не е повреден без рестрикции заемане за дома 329536 Регионална библиотека "Любен Каравелов" Русе Регионална библиотека "Любен Каравелов" Русе Заемна - подръчен фонд 1983-01-01 Заемна - подръчен фонд 1.10 380289 П 820(73)-31/Т 87 380289 5 0.56 N: стар фонд Дата: 01.01.1983 Книги  
Изтеглен Не е изгубен   Не е повреден без рестрикции заемане за дома 329537 Регионална библиотека "Любен Каравелов" Русе Регионална библиотека "Любен Каравелов" Русе   1983-01-01 Заемна - подръчен фонд 1.10 380290 П 820(73)-31/Т 87 380290 6 0.56 N: стар фонд Дата: 01.01.1983 Книги Отч.N: 6/2018 , Дата: 22.01.2018
Изтеглен Не е изгубен Universal Decimal Classification Не е повреден без рестрикции заемане за дома 329538 Регионална библиотека "Любен Каравелов" Русе Регионална библиотека "Любен Каравелов" Русе Заемна - подръчен фонд 1983-01-01 Заемна - подръчен фонд 1.10 380292 П 820(73)-31/Т 87 380292 7 0.56 N: стар фонд Дата: 01.01.1983 Книги  
Изтеглен Не е изгубен Universal Decimal Classification Не е повреден без рестрикции заемане за дома 329539 Регионална библиотека "Любен Каравелов" Русе Регионална библиотека "Любен Каравелов" Русе Заемна - подръчен фонд 1983-01-01 Заемна - подръчен фонд 1.10 380293 П 820(73)-31/Т 87 380293 8 0.56 N: стар фонд Дата: 01.01.1983 Книги  
Изтеглен Не е изгубен Universal Decimal Classification Не е повреден без рестрикции заемане за дома 329540 Регионална библиотека "Любен Каравелов" Русе Регионална библиотека "Любен Каравелов" Русе Заемна - подръчен фонд 1983-01-01 Заемна - подръчен фонд 1.10 380294 П 820(73)-31/Т 87 380294 9 0.56 N: стар фонд Дата: 01.01.1983 Книги  
Vip Innovations Ltd, Rousse, Bulgaria 2025